Knowledge of The Netherlands - Statistics

General Stats
  • This quiz has been taken 2,033 times
  • The average score is 9 of 10
Answer Stats
Hint Answer % Correct
What is the capital of The Netherlands? Amsterdam
100%
Which countries share a border with The Netherlands? Germany and Belgium
99%
What is the national colour? Orange
99%
Which flower is The Netherlands famous for? Tulip
97%
How many provinces are there in The Netherlands? 12
96%
How many provinces are there in Holland? 2 (zuid and noord Holland)
95%
What city is home to the government? The Hague
94%
In which city is Euromast? Rotterdam
93%
What sea neighbours The Netherlands? North sea
91%
Which province was originally part of the ocean? Flevoland
86%
No matching quizzes found
Score Distribution
Percent of People with Each Score
Percentile by Number Answered
Your Score History
You have not taken this quiz